| 000 | 00415nam a2200145Ia 4500 | ||
|---|---|---|---|
| 008 | 220204s9999 xx 000 0 und d | ||
| 082 |
_a581.2 _bWOO |
||
| 100 | _aGRANITI, A | ||
| 245 | 0 | _aSpecificity in plant diseases. | |
| 260 |
_aNew York _bPlenum _c1976 |
||
| 490 | _aNATO Advanced study Institute series A. Life Sciences.; v 10 | ||
| 650 | _aPlant disease specificity | ||
| 700 | _aWOOD, R K S | ||
| 942 | _cBK | ||
| 999 |
_c33376 _d33376 |
||